书目信息 |
| 题名: |
海洋藻类资源高效利用技术
|
|
| 作者: | 刘明华 , 张新颖 主编 | |
| 分册: | ||
| 出版信息: | 北京 化学工业出版社 2016.02 |
|
| 页数: | 232页 | |
| 开本: | 26cm | |
| 丛书名: | 再生资源科学与工程技术丛书 | |
| 单 册: | ||
| 中图分类: | S968.4 | |
| 科图分类: | ||
| 主题词: | 海藻--资源利用 | |
| 电子资源: | ||
| ISBN: | 978-7-122-26128-1 | |
| 000 | 01265nam0 2200253 450 | |
| 001 | 4434 | |
| 005 | 20181012090951.79 | |
| 010 | @a978-7-122-26128-1@dCNY68.00 | |
| 100 | @a20160509d2016 em y0chiy50 ea | |
| 101 | 0 | @achi |
| 102 | @aCN@b110000 | |
| 105 | @aa z 000yy | |
| 200 | 1 | @a海洋藻类资源高效利用技术@9hai yang zao lei zi yuan gao xiao li yong ji shu@b专著@f刘明华,张新颖主编 |
| 210 | @a北京@c化学工业出版社@d2016.02 | |
| 215 | @a232页@c图@d26cm | |
| 225 | 1 | @a再生资源科学与工程技术丛书 |
| 330 | @a本书系统介绍了海洋藻类资源高效利用的方法和原理。全书共6章。第1章首先介绍了我国海洋藻类资源的分布、海藻与环境的关系,并对海藻资源化利用方向进行了展望;第2章讲述了海藻的基本生理学特征及其分类;第3章对常见的海藻生物培养技术进行了介绍,包括组织培养、细胞分离培养、原生质体分离培养、种质保存、海藻基因工程等技术;第4章介绍了常见海藻产物的提取方法,如油脂、植物激素、海藻多糖、藻胆蛋白、不饱和脂肪酸等;第5章重点介绍了目前流行的海藻生物质能转化技术;第6章对海藻及其产物的其他资源化利用方式进行了阐述。 | |
| 461 | 0 | @12001 @a再生资源科学与工程技术丛书 |
| 606 | 0 | @a海藻@x资源利用 |
| 690 | @aS968.4@v5 | |
| 701 | 0 | @a刘明华@9liu ming hua@4主编 |
| 701 | 0 | @a张新颖@9zhang xin ying@4主编 |
| 801 | 0 | @aCN@b91MARC@c20160516 |
| 905 | @aMuseLib@dS968.4@e51 | |
| 海洋藻类资源高效利用技术/刘明华,张新颖主编.-北京:化学工业出版社,2016.02 |
| 232页:图;26cm.-(再生资源科学与工程技术丛书) |
| ISBN 978-7-122-26128-1:CNY68.00 |
| 本书系统介绍了海洋藻类资源高效利用的方法和原理。全书共6章。第1章首先介绍了我国海洋藻类资源的分布、海藻与环境的关系,并对海藻资源化利用方向进行了展望;第2章讲述了海藻的基本生理学特征及其分类;第3章对常见的海藻生物培养技术进行了介绍,包括组织培养、细胞分离培养、原生质体分离培养、种质保存、海藻基因工程等技术;第4章介绍了常见海藻产物的提取方法,如油脂、植物激素、海藻多糖、藻胆蛋白、不饱和脂肪酸等;第5章重点介绍了目前流行的海藻生物质能转化技术;第6章对海藻及其产物的其他资源化利用方式进行了阐述。 |
| ● |
| 相关链接 |
|
|
|
|
正题名:海洋藻类资源高效利用技术
索取号:S968.4/51
 
预约/预借
| 序号 | 登录号 | 条形码 | 馆藏地/架位号 | 状态 | 备注 |
| 1 | 1125086 | 211250867 | 第二样本阅览室/ [索取号:S968.4/51] | 在馆 | |
| 2 | 1125087 | 211250876 | 第三借阅区/ [索取号:S968.4/51] | 在馆 | |
| 3 | 1125088 | 211250885 | 第三借阅区/ [索取号:S968.4/51] | 在馆 | |
| 4 | 1125089 | 211250894 | 第三借阅区/ [索取号:S968.4/51] | 在馆 | |
| 5 | 1125090 | 211250901 | 第三借阅区/ [索取号:S968.4/51] | 在馆 |